Catálogo
 En Linea
Vista normal Vista MARC

Entrada Nombre personal

Número de registros utilizados en: 3

001 - NÚMERO DE CONTROL

  • campo de control: 43507

003 - IDENTIFICADOR DEL NÚMERO DE CONTROL

  • campo de control: BNPHU

005 - FECHA Y HORA DE LA ÚLTIMA TRANSACCIÓN

  • campo de control: 20240301123914.0

008 - DATOS DE LONGITUD FIJA

  • campo de control de longitud fija: 200615|| aca||aabn | a|a d

040 ## - FUENTE DE LA CATALOGACIÓN

  • Centro catalogador/agencia de origen: DO-SdBNP
  • Lengua de catalogación: spa
  • Centro/agencia transcriptor: BNPHU
  • Normas de descripción: rda

100 1# - ENCABEZAMIENTO-NOMBRE DE PERSONA

  • Nombre de persona: Pérez, Ana Rosa,
  • Fechas asociadas al nombre: 1956-

370 ## - LUGAR ASOCIADO

  • Lugar de nacimiento: Moca (República Dominicana)

374 ## - OCUPACIÓN

  • Ocupación: Educadora
  • Ocupación: Escritora

375 ## - GÉNERO/SEXO

  • Género/Sexo: Femenino

377 ## - LENGUA/LENGUAJE ASOCIADO

  • Código del idioma: spa

400 1# - TRAZADO DE VÉASE--NOMBRE DE PERSONA

  • Nombre de persona: Rosa Pérez, Ana

670 ## - FUENTE DE DATOS ENCONTRADOS

  • Cita de la fuente: Work cat.: (OSt)20254: Pérez, Ana Rosa. El hombre que se vio a través de la ventana, 2019

Con tecnología Koha